Countries That End With The Letter D - Statistics

General Stats
  • This quiz has been taken 93 times
  • The average score is 5 of 8
Answer Stats
Hint Answer % Correct
8 Iceland
92%
1 Ireland
83%
4 Finland
82%
5 Poland
67%
6 Thailand
53%
3 Switzerland
50%
2 New Zealand
45%
7 Chad
37%
No matching quizzes found
Score Distribution
Percent of People with Each Score
Percentile by Number Answered
Your Score History
You have not taken this quiz